[Event "DEM U10 2019"]
[Site "Willingen GER"]
[Date "2019.06.10"]
[Round "4"]
[White "Haubold, Sebastian Marcel"]
[Black "Scheerer, Julian"]
[Result "1/2-1/2"]
[Termination "normal"]
[Board "7"]
[WhiteElo "1506"]
[BlackElo "1395"]
[WhiteClock "00:10:47"]
[BlackClock "00:28:58"]
[PlyCount "157"]
[WhiteFideId "16259637"]
[BlackFideId "16265769"]
[EventCountry "GER"]
[EventRounds "11"]
[EventType "swiss"]
[EventDate "2019.06.08"]

1. e4 {[%clk 1:16:26]} 1... e5 {[%clk 1:16:14]} 2. Nf3 {[%clk 1:16:21]} 2...
Nc6 {[%clk 1:16:29]} 3. Bb5 {[%clk 1:15:22]} 3... a6 {[%clk 1:16:39]} 4. Ba4 {
[%clk 1:15:11]} 4... Nf6 {[%clk 1:16:37]} 5. O-O {[%clk 1:15:06]} 5... Be7 {
[%clk 1:16:24]} 6. Re1 {[%clk 1:14:09]} 6... b5 {[%clk 1:14:48]} 7. Bb3 { [%clk
1:13:21]} 7... O-O {[%clk 1:14:27]} 8. c3 {[%clk 1:12:13]} 8... d6 { [%clk
1:14:00]} 9. h3 {[%clk 1:10:36]} 9... Na5 {[%clk 1:12:29]} 10. Bc2 { [%clk
1:09:18]} 10... c5 {[%clk 1:11:52]} 11. d4 {[%clk 1:05:36]} 11... Nc6 { [%clk
1:10:21]} 12. Be3 {[%clk 1:00:07]} 12... Qc7 {[%clk 1:06:36]} 13. Nbd2 { [%clk
0:54:56]} 13... g6 {[%clk 1:03:28]} 14. Rc1 {[%clk 0:48:31]} 14... Nh5 { [%clk
1:01:05]} 15. dxc5 {[%clk 0:42:19]} 15... dxc5 {[%clk 1:00:30]} 16. Nh2 { [%clk
0:41:36]} 16... Ng7 {[%clk 0:57:20]} 17. Bh6 {[%clk 0:39:26]} 17... Be6 { [%clk
0:56:07]} 18. Re3 {[%clk 0:29:58]} 18... c4 {[%clk 0:52:43]} 19. Qf3 { [%clk
0:19:28]} 19... Rfd8 {[%clk 0:50:29]} 20. Re2 {[%clk 0:13:57]} 20... Rd7 {[%clk
0:48:45]} 21. Ng4 {[%clk 0:10:18]} 21... Qd8 {[%clk 0:46:28]} 22. Qg3 { [%clk
0:08:46]} 22... Bh4 {[%clk 0:41:41]} 23. Qe3 {[%clk 0:07:30]} 23... Nh5 { [%clk
0:38:19]} 24. Qc5 {[%clk 0:06:44]} 24... Qc7 {[%clk 0:37:24]} 25. Nf3 { [%clk
0:06:16]} 25... Be7 {[%clk 0:35:59]} 26. Qe3 {[%clk 0:06:30]} 26... Nf4 { [%clk
0:34:28]} 27. Ree1 {[%clk 0:05:15]} 27... Nd3 {[%clk 0:31:19]} 28. Bxd3 { [%clk
0:05:18]} 28... Rxd3 {[%clk 0:30:30]} 29. Qe2 {[%clk 0:05:35]} 29... Rad8
{[%clk 0:28:42]} 30. Rc2 {[%clk 0:04:11]} 30... Qd6 {[%clk 0:28:14]} 31. Rd2 {
[%clk 0:03:29]} 31... Rxd2 {[%clk 0:28:11]} 32. Qxd2 {[%clk 0:03:49]} 32...
Qxd2 {[%clk 0:28:32]} 33. Bxd2 {[%clk 0:04:15]} 33... a5 {[%clk 0:27:41]} 34.
Be3 {[%clk 0:04:28]} 34... f6 {[%clk 0:27:23]} 35. Kf1 {[%clk 0:04:15]} 35...
b4 {[%clk 0:27:07]} 36. Ke2 {[%clk 0:04:38]} 36... Kf7 {[%clk 0:26:58]} 37. Rd1
{[%clk 0:04:53]} 37... Ke8 {[%clk 0:27:00]} 38. Rxd8+ {[%clk 0:05:15]} 38...
Kxd8 {[%clk 0:27:16]} 39. Kd2 {[%clk 0:05:34]} 39... Kc7 {[%clk 0:27:11]} 40.
Kc2 {[%clk 0:05:48]} 40... Kd6 {[%clk 0:25:53]} 41. Bd2 {[%clk 0:01:57]} 41...
Kc5 {[%clk 0:25:11]} 42. Be3+ {[%clk 0:00:40]} 42... Kb5 {[%clk 0:25:13]} 43.
Bd2 {[%clk 0:15:26]} 43... b3+ {[%clk 0:39:19]} 44. Kb1 {[%clk 0:14:02]} 44...
bxa2+ {[%clk 0:37:56]} 45. Kxa2 {[%clk 0:14:25]} 45... Nb8 {[%clk 0:36:47]} 46.
Ne1 {[%clk 0:12:22]} 46... Na6 {[%clk 0:36:25]} 47. Be3 {[%clk 0:10:17]} 47...
h5 {[%clk 0:35:54]} 48. Nh2 {[%clk 0:10:21]} 48... Nc5 {[%clk 0:35:33]} 49.
Bxc5 {[%clk 0:09:42]} 49... Bxc5 {[%clk 0:35:36]} 50. f3 {[%clk 0:10:00]} 50...
f5 {[%clk 0:34:42]} 51. Nc2 {[%clk 0:09:22]} 51... fxe4 {[%clk 0:34:06]} 52.
fxe4 {[%clk 0:09:44]} 52... Ka4 {[%clk 0:33:35]} 53. Na3 {[%clk 0:09:51]} 53...
g5 {[%clk 0:32:48]} 54. Nf3 {[%clk 0:09:56]} 54... g4 {[%clk 0:30:26]} 55. hxg4
{[%clk 0:10:10]} 55... hxg4 {[%clk 0:30:13]} 56. Nxe5 {[%clk 0:10:25]} 56...
Bxa3 {[%clk 0:29:20]} 57. bxa3 {[%clk 0:10:47]} 57... Kb5 {[%clk 0:28:58]} 58.
Kb2 Kc5 59. Kc2 Kd6 60. Ng6 Bf7 61. Nf4 Ke5 62. Ne2 Kxe4 63. Kd2 Bd5 64. Nd4
Kf4 65. Ne2+ Ke5 66. g3 Bf3 67. Nd4 Bd5 68. Ke3 Bb7 69. Nb5 Bc8 70. Nd4 Bd7 71.
Ne2 Be8 72. Nf4 Bf7 73. Ne2 Be8 74. Nd4 Bd7 75. Nc2 Ba4 76. Ne1 Bc6 77. Nc2 Ba4
78. Nd4 Bd7 79. Ne2 1/2-1/2

[Event "DEM U10 2019"]
[Site "Willingen GER"]
[Date "2019.06.10"]
[Round "4"]
[White "Jahnz, Laurin"]
[Black "Navarro Jahnke, Leo"]
[Result "0-1"]
[Termination "normal"]
[Board "8"]
[WhiteElo "1497"]
[BlackElo "1334"]
[WhiteClock "00:49:23"]
[BlackClock "01:11:07"]
[PlyCount "52"]
[WhiteFideId "16261089"]
[BlackFideId "16234146"]
[EventCountry "GER"]
[EventRounds "11"]
[EventType "swiss"]
[EventDate "2019.06.08"]

1. e4 {[%clk 1:15:59]} 1... c5 {[%clk 1:15:52]} 2. Nf3 {[%clk 1:16:24]} 2...
Nf6 {[%clk 1:16:17]} 3. e5 {[%clk 1:16:34]} 3... Nd5 4. Nc3 {[%clk 1:16:33]}
4... e6 {[%clk 1:16:59]} 5. Nxd5 {[%clk 1:16:54]} 5... exd5 {[%clk 1:17:28]} 6.
c3 {[%clk 1:16:19]} 6... d6 {[%clk 1:17:46]} 7. exd6 {[%clk 1:16:36]} 7... Bxd6
{[%clk 1:17:22]} 8. d4 {[%clk 1:16:41]} 8... O-O {[%clk 1:17:42]} 9. Be2 {
[%clk 1:16:48]} 9... Nc6 {[%clk 1:17:45]} 10. h3 {[%clk 1:16:56]} 10... Bf5 {
[%clk 1:16:23]} 11. O-O {[%clk 1:17:03]} 11... b6 {[%clk 1:16:40]} 12. Be3 {
[%clk 1:17:00]} 12... Re8 {[%clk 1:15:51]} 13. Re1 {[%clk 1:15:32]} 13... c4 {
[%clk 1:12:46]} 14. Rc1 {[%clk 1:14:28]} 14... b5 {[%clk 1:13:01]} 15. b3 {
[%clk 1:10:59]} 15... Ba3 {[%clk 1:12:47]} 16. bxc4 {[%clk 1:05:11]} 16... Bxc1
{[%clk 1:13:01]} 17. Bxc1 {[%clk 1:04:47]} 17... bxc4 {[%clk 1:13:09]} 18. Qa4
{[%clk 1:02:41]} 18... Rc8 {[%clk 1:11:26]} 19. Ba3 {[%clk 1:01:02]} 19... Qa5
{[%clk 1:10:40]} 20. Qxa5 {[%clk 1:01:05]} 20... Nxa5 {[%clk 1:11:09]} 21. Ne5
{[%clk 0:59:10]} 21... f6 {[%clk 1:10:26]} 22. Nf3 {[%clk 0:58:14]} 22... Nb7 {
[%clk 1:10:21]} 23. Nh4 {[%clk 0:51:16]} 23... Bd3 {[%clk 1:10:31]} 24. Kf1 {
[%clk 0:50:29]} 24... Rxe2 {[%clk 1:10:37]} 25. Rxe2 {[%clk 0:50:50]} 25... Re8
{[%clk 1:10:59]} 26. Nf5 {[%clk 0:49:23]} 26... Rxe2 {[%clk 1:11:07]} 0-1

[Event "DEM U10 2019"]
[Site "Willingen GER"]
[Date "2019.06.10"]
[Round "4"]
[White "Ruddat, Jarne"]
[Black "Fruth, David"]
[Result "1-0"]
[Termination "normal"]
[Board "9"]
[WhiteElo "1350"]
[BlackElo "1423"]
[WhiteClock "00:43:56"]
[BlackClock "00:56:13"]
[PlyCount "61"]
[WhiteFideId "16254236"]
[BlackFideId "16257596"]
[EventCountry "GER"]
[EventRounds "11"]
[EventType "swiss"]
[EventDate "2019.06.08"]

1. e4 {[%clk 1:15:56]} 1... e5 {[%clk 1:15:53]} 2. Nf3 {[%clk 1:16:20]} 2...
Nf6 {[%clk 1:16:18]} 3. Nc3 {[%clk 1:16:43]} 3... Bb4 {[%clk 1:16:26]} 4. Nxe5
{[%clk 1:14:52]} 4... O-O {[%clk 1:16:06]} 5. Be2 {[%clk 1:13:18]} 5... d6 {
[%clk 1:13:14]} 6. Nf3 {[%clk 1:12:16]} 6... Bxc3 {[%clk 1:13:19]} 7. dxc3 {
[%clk 1:11:25]} 7... Nxe4 {[%clk 1:13:39]} 8. O-O {[%clk 1:11:09]} 8... Nc6 {
[%clk 1:13:47]} 9. Bd3 {[%clk 1:08:08]} 9... Nf6 {[%clk 1:13:31]} 10. Be3 {
[%clk 1:05:26]} 10... Bg4 {[%clk 1:13:48]} 11. h3 {[%clk 1:03:12]} 11... Bxf3 {
[%clk 1:13:58]} 12. Qxf3 {[%clk 1:03:34]} 12... h6 {[%clk 1:12:28]} 13. Rad1 {
[%clk 1:01:42]} 13... Qc8 {[%clk 1:11:06]} 14. Bxh6 {[%clk 0:54:04]} 14... Qe6
{[%clk 1:09:40]} 15. Bf4 {[%clk 0:50:26]} 15... Qxa2 {[%clk 1:05:35]} 16. Ra1 {
[%clk 0:49:40]} 16... Qxb2 {[%clk 1:05:22]} 17. Rfb1 {[%clk 0:50:04]} 17... Nd4
{[%clk 1:04:00]} 18. Rxb2 {[%clk 0:46:41]} 18... Nxf3+ {[%clk 1:04:18]} 19.
gxf3 {[%clk 0:47:00]} 19... Nd5 {[%clk 1:04:08]} 20. Bg3 {[%clk 0:47:16]} 20...
Nb6 {[%clk 1:03:25]} 21. Be4 {[%clk 0:45:32]} 21... Rfb8 {[%clk 1:03:32]} 22.
c4 {[%clk 0:45:17]} 22... f5 {[%clk 0:58:03]} 23. Bxf5 {[%clk 0:45:19]} 23...
Kf7 {[%clk 0:57:09]} 24. Be4 {[%clk 0:45:35]} 24... c6 {[%clk 0:55:36]} 25. c5
{[%clk 0:44:11]} 25... Nc4 {[%clk 0:55:18]} 26. Rba2 {[%clk 0:43:19]} 26... d5
{[%clk 0:55:20]} 27. Bxb8 {[%clk 0:43:11]} 27... Rxb8 {[%clk 0:55:45]} 28. Bd3
{[%clk 0:43:20]} 28... Ne5 {[%clk 0:56:03]} 29. Kg2 {[%clk 0:43:11]} 29... Nxd3
{[%clk 0:55:49]} 30. cxd3 {[%clk 0:43:39]} 30... a6 {[%clk 0:56:13]} 31. Rb1 {
[%clk 0:43:56]} 1-0

[Event "DEM U10 2019"]
[Site "Willingen GER"]
[Date "2019.06.10"]
[Round "4"]
[White "Guo, Jacob Tingshen"]
[Black "Huber, Benedikt Thomas"]
[Result "1/2-1/2"]
[Termination "normal"]
[Board "10"]
[WhiteElo "1420"]
[BlackElo "1441"]
[PlyCount "87"]
[WhiteFideId "16245245"]
[BlackFideId "16281225"]
[EventCountry "GER"]
[EventRounds "11"]
[EventType "swiss"]
[EventDate "2019.06.08"]

1. d4 d5 2. c4 c6 3. Nc3 Nf6 4. Nf3 Bf5 5. e3 e6 6. Bd3 Bxd3 7. Qxd3 Nbd7 8.
O-O Be7 9. Bd2 O-O 10. cxd5 cxd5 11. Rac1 Rc8 12. Rfe1 Qb6 13. Qb1 a6 14. h3
Qd6 15. Rc2 Rc7 16. Rcc1 Rfc8 17. a3 Nb6 18. Ne2 Nc4 19. Ng3 Rc6 20. Bc3 Nxa3
21. bxa3 Rxc3 22. Rxc3 Rxc3 23. Qxb7 Rxa3 24. Rc1 Ne8 25. Kh2 Bd8 26. Rc8 Kf8
27. Ne5 Bc7 28. Qa8 Qe7 29. Nc6 Qd7 30. Nb4 Bxg3+ 31. Kxg3 a5 32. Nc6 Rc3 33.
Kf3 e5 34. dxe5 Qf5+ 35. Kg3 Qg6+ 36. Kh2 Qe6 37. Kg3 f6 38. exf6 Qd6+ 39. Kf3
Qxf6+ 40. Kg3 Qd6+ 41. Kf3 Qf6+ 42. Kg3 Qd6+ 43. Kf3 Qf6+ 44. Kg3 1/2-1/2

[Event "DEM U10 2019"]
[Site "Willingen GER"]
[Date "2019.06.10"]
[Round "4"]
[White "Freude, Paul"]
[Black "Xue, Luka"]
[Result "1-0"]
[Termination "normal"]
[Board "11"]
[WhiteElo "1713"]
[BlackElo "1429"]
[PlyCount "93"]
[WhiteFideId "16280717"]
[BlackFideId "16277252"]
[EventCountry "GER"]
[EventRounds "11"]
[EventType "swiss"]
[EventDate "2019.06.08"]

1. e4 e5 2. Nf3 Nc6 3. d4 exd4 4. Bc4 Bc5 5. c3 Nf6 6. O-O Nxe4 7. Re1 d5 8.
Bb5 O-O 9. Bxc6 bxc6 10. Nxd4 Qf6 11. f3 Nd6 12. Kh1 Nb5 13. Nxb5 cxb5 14. Qxd5
Qh4 15. g3 Qh3 16. Qxa8 Bf2 17. Rg1 Bg4 18. Qe4 Bxg3 19. Rg2 f5 20. Qe6+ Kh8
21. fxg4 fxg4 22. Nd2 h5 23. Qe2 h4 24. Kg1 Rf6 25. hxg3 hxg3 26. Qe3 Rh6 27.
Qxg3 Qh1+ 28. Kf2 Rf6+ 29. Ke2 Re6+ 30. Kd3 Qh7+ 31. Kd4 c5+ 32. Kxc5 Qf5+ 33.
Kb4 a5+ 34. Kxa5 b4+ 35. Kxb4 Rb6+ 36. Kc4 Rc6+ 37. Kd4 Qc5+ 38. Ke4 Re6+ 39.
Kd3 Qf5+ 40. Kd4 Qf6+ 41. Kc4 Rc6+ 42. Kd3 Qf5+ 43. Ne4 Qb5+ 44. Kc2 Rc8 45.
Rh2+ Kg8 46. Qd3 Qa5 47. Nf6+ 1-0

[Event "DEM U10 2019"]
[Site "Willingen GER"]
[Date "2019.06.10"]
[Round "4"]
[White "Zobel, Christian"]
[Black "Goldmann, David"]
[Result "1-0"]
[Termination "normal"]
[Board "13"]
[WhiteElo "1404"]
[BlackElo "1477"]
[PlyCount "78"]
[WhiteFideId "16259068"]
[BlackFideId "16268920"]
[EventCountry "GER"]
[EventRounds "11"]
[EventType "swiss"]
[EventDate "2019.06.08"]

1. e4 c5 2. Bc4 a6 3. c3 e6 4. Qe2 b5 5. Bb3 Bb7 6. d3 Nf6 7. Nf3 Be7 8. Bf4 d5
9. Nbd2 d4 10. cxd4 cxd4 11. Rc1 Nc6 12. Ne5 Rc8 13. O-O Bb4 14. Nxc6 Bxc6 15.
Nf3 O-O 16. Be5 Qe7 17. Bxd4 Rfd8 18. Rc2 Nd7 19. Rfc1 Bb7 20. Rxc8 Bxc8 21.
Rc6 Nc5 22. Bxc5 Bxc5 23. Qc2 Bxf2+ 24. Kxf2 Qa7+ 25. Qc5 Qd7 26. Ne5 Qe8 27.
Rc7 f6 28. Nc6 Rxd3 29. Rxc8 Qxc8 30. Ne7+ Kf7 31. Nxc8 Rd7 32. Bxe6+ Kxe6 33.
Qc6+ Kf7 34. Qxd7+ Kg6 35. g4 h6 36. h4 Kh7 37. h5 b4 38. Nd6 b3 39. Nf5 bxa2
1-0

[Event "DEM U10 2019"]
[Site "Willingen GER"]
[Date "2019.06.10"]
[Round "4"]
[White "Torosyan, Bagrat"]
[Black "Meng, Yuxuan"]
[Result "1-0"]
[Termination "normal"]
[Board "14"]
[WhiteElo "1444"]
[BlackElo "1288"]
[PlyCount "109"]
[WhiteFideId "16258134"]
[BlackFideId "16258231"]
[EventCountry "GER"]
[EventRounds "11"]
[EventType "swiss"]
[EventDate "2019.06.08"]

1. e4 c5 2. Nc3 Nc6 3. g3 Nf6 4. Bg2 e6 5. d3 Be7 6. Nge2 d5 7. exd5 exd5 8. d4
Be6 9. O-O Qd7 10. Bf4 c4 11. Bg5 h6 12. Bxf6 Bxf6 13. Nf4 Ne7 14. Re1 Rc8 15.
Nxe6 fxe6 16. Bh3 Rc6 17. Ne2 Ng6 18. Nf4 Nxf4 19. gxf4 O-O 20. c3 Qf7 21. Qe2
Re8 22. Kh1 Bd8 23. f5 Bc7 24. fxe6 Qf4 25. f3 Kh8 26. Qg2 Bd6 27. Rg1 Rc7 28.
Rae1 b5 29. Qg3 Qxg3 30. hxg3 a5 31. Kg2 b4 32. f4 Rb7 33. Rb1 Reb8 34. Bf5 Be7
35. g4 bxc3 36. bxc3 Rb2+ 37. Kg3 a4 38. Rxb2 Rxb2 39. Rb1 Rxb1 40. Bxb1 Kg8
41. Bc2 Ba3 42. Bxa4 Bb2 43. Bc6 Kf8 44. Bxd5 Bxc3 45. Bxc4 Bxd4 46. a4 Bb6 47.
Kh4 Bd8+ 48. Kh5 Bc7 49. f5 Ba5 50. g5 hxg5 51. Kxg5 Bc3 52. Kf4 Ke7 53. Ke4
Kd6 54. Bb3 Kc5 55. e7 1-0

[Event "DEM U10 2019"]
[Site "Willingen GER"]
[Date "2019.06.10"]
[Round "4"]
[White "Aniol, Nico"]
[Black "Kullmann, Max"]
[Result "1-0"]
[Termination "normal"]
[Board "15"]
[WhiteElo "1406"]
[BlackElo "1455"]
[PlyCount "69"]
[WhiteFideId "16287096"]
[BlackFideId "16218574"]
[EventCountry "GER"]
[EventRounds "11"]
[EventType "swiss"]
[EventDate "2019.06.08"]

1. e4 d5 2. exd5 Qxd5 3. Nc3 Qa5 4. d4 c6 5. Bc4 Nf6 6. Nf3 Bg4 7. h3 Bh5 8.
Bd2 Qc7 9. Qe2 e6 10. O-O-O Bd6 11. g4 Bg6 12. Rhe1 Nd5 13. Ne5 Bxe5 14. Qxe5
Qxe5 15. dxe5 Nd7 16. Bxd5 cxd5 17. Nb5 O-O 18. Nd6 h5 19. f4 h4 20. Rg1 Rab8
21. Rde1 Rfd8 22. Bb4 Kh8 23. f5 exf5 24. gxf5 Bh5 25. Rg5 Bf3 26. Nxf7+ Kh7
27. Nxd8 Rxd8 28. e6 Nf6 29. e7 Re8 30. Bc3 Be4 31. Reg1 Ng8 32. Rxg7+ Kh6 33.
Bd2+ Kh5 34. Rh7+ Nh6 35. Rxh6# 1-0

[Event "DEM U10 2019"]
[Site "Willingen GER"]
[Date "2019.06.10"]
[Round "4"]
[White "Möller, Tom"]
[Black "Chugunov, Ivan"]
[Result "0-1"]
[Termination "normal"]
[Board "16"]
[WhiteElo "1229"]
[BlackElo "1310"]
[PlyCount "114"]
[WhiteFideId "16287215"]
[BlackFideId "16256808"]
[EventCountry "GER"]
[EventRounds "11"]
[EventType "swiss"]
[EventDate "2019.06.08"]

1. e4 c6 2. d4 d5 3. e5 Bf5 4. Ne2 e6 5. Ng3 Bg6 6. h4 h6 7. h5 Bh7 8. Bd3 Bxd3
9. cxd3 Qb6 10. Be3 Nd7 11. O-O Ne7 12. f4 c5 13. dxc5 Nxc5 14. d4 Nd7 15. Qc2
Rc8 16. Nc3 g6 17. hxg6 fxg6 18. a4 a6 19. a5 Qc6 20. Rac1 Nf5 21. Nxf5 gxf5
22. Qe2 Kd8 23. Bf2 Be7 24. Rc2 Qc4 25. Qxc4 Rxc4 26. Ra1 Nf8 27. Ra4 Rc6 28.
g3 Kd7 29. Kf1 Ng6 30. Ke2 Rhc8 31. Kd2 Rc4 32. Rxc4 Rxc4 33. b3 Rb4 34. Rb2
Bd8 35. Na2 Rb5 36. b4 Bxa5 37. Kc3 Bd8 38. Kb3 Rb6 39. Nc3 Be7 40. Ka4 Rc6 41.
Rb3 b5+ 42. Ka3 Kc7 43. Kb2 Rc4 44. Na2 Kb6 45. Be3 h5 46. Rc3 h4 47. Rxc4 bxc4
48. Bf2 h3 49. Bg1 Nh8 50. Kc3 Nf7 51. Bh2 Nh6 52. Nc1 Ng4 53. Ne2 Nxh2 54. Ng1
Nf1 55. Nxh3 Nxg3 56. Ng5 Bxg5 57. fxg5 Ne4+ 0-1

[Event "DEM U10 2019"]
[Site "Willingen GER"]
[Date "2019.06.10"]
[Round "4"]
[White "Birkenheier, Nicolas"]
[Black "Brügmann, Nick"]
[Result "0-1"]
[Termination "normal"]
[Board "17"]
[WhiteElo "1160"]
[BlackElo "1415"]
[PlyCount "214"]
[WhiteFideId "16287100"]
[BlackFideId "16287126"]
[EventCountry "GER"]
[EventRounds "11"]
[EventType "swiss"]
[EventDate "2019.06.08"]

1. e4 c5 2. Nf3 a6 3. Nc3 e6 4. g3 d5 5. exd5 exd5 6. d4 c4 7. Bg2 Nf6 8. O-O
h6 9. Bf4 Be6 10. Re1 Be7 11. Qe2 O-O 12. Ne5 Nc6 13. Rad1 Rc8 14. Kh1 Qb6 15.
Nxc6 bxc6 16. b3 Bb4 17. Qd2 Qa5 18. Re3 Ng4 19. Rf3 Bxc3 20. Rxc3 Nxf2+ 21.
Qxf2 Qxc3 22. Be5 cxb3 23. axb3 Qa5 24. Rf1 f6 25. Bd6 Rfe8 26. Qf4 Qd8 27. Bc5
Qd7 28. Qh4 Qf7 29. Bf3 Bf5 30. Bh5 Bg6 31. Bg4 f5 32. Bh3 Qe6 33. Qf4 Qe4+ 34.
Qxe4 dxe4 35. Re1 a5 36. c4 Kf7 37. Kg2 Kg8 38. Kf2 Rb8 39. Re3 Ra8 40. Ba3
Red8 41. Ke2 Rxd4 42. Bc5 Rd3 43. Rxd3 exd3+ 44. Kxd3 f4+ 45. Kc3 fxg3 46. hxg3
a4 47. bxa4 Rxa4 48. Bd7 Be4 49. Be6+ Kh8 50. Kd4 Bh1 51. Bf5 Ra2 52. Bd3 Rg2
53. Bd6 Rd2 54. Kc3 Rf2 55. Bf4 Rf3 56. Kd4 c5+ 57. Kc3 Bg2 58. Kd2 g5 59. Be5+
Kg8 60. Be4 Rf2+ 61. Ke3 Ra2 62. Bf5 Kf7 63. Bd6 Kf6 64. Bd3 Ra5 65. Bf8 h5 66.
Bd6 Ke6 67. Bc7 Ra3 68. Kd2 Kd7 69. Be5 h4 70. gxh4 gxh4 71. Ke2 Ke6 72. Bc7 h3
73. Kd2 Ra7 74. Bf4 Rf7 75. Bg3 Rf2+ 76. Bxf2 h2 77. Bxc5 h1=Q 78. Be3 Be4 79.
Be2 Qg2 80. Ke1 Bf3 81. Bf1 Qh1 82. Kf2 Ke5 83. c5 Bg4 84. c6 Qxc6 85. Ke1 Qe4
86. Kd2 Qb4+ 87. Kd3 Qb5+ 88. Kd2 Qxf1 89. Kc2 Qc4+ 90. Kd2 Bd1 91. Kxd1 Qd3+
92. Bd2 Ke4 93. Kc1 Kf3 94. Kd1 Qb1+ 95. Bc1 Ke4 96. Kd2 Kd4 97. Kd1 Kd3 98.
Ke1 Qxc1+ 99. Kf2 Qd2+ 100. Kf3 Qe3+ 101. Kg4 Qf2 102. Kg5 Qf7 103. Kg4 Ke4
104. Kg3 Qf3+ 105. Kh4 Qg2 106. Kh5 Kf5 107. Kh4 Qg4# 0-1

[Event "DEM U10 2019"]
[Site "Willingen GER"]
[Date "2019.06.10"]
[Round "4"]
[White "Schlange, Jonathan"]
[Black "Yang, Marco"]
[Result "1-0"]
[Termination "normal"]
[Board "18"]
[WhiteElo "1488"]
[BlackElo "1278"]
[PlyCount "95"]
[WhiteFideId "16287240"]
[BlackFideId "16254260"]
[EventCountry "GER"]
[EventRounds "11"]
[EventType "swiss"]
[EventDate "2019.06.08"]

1. e4 c5 2. Nf3 d6 3. d4 cxd4 4. Nxd4 Nf6 5. Nc3 g6 6. Be3 Bg7 7. f3 O-O 8. Qd2
Nc6 9. Bc4 Bd7 10. h4 Rc8 11. Bb3 Ne5 12. O-O-O Nc4 13. Bxc4 Rxc4 14. Kb1 Rc5
15. Bg5 Qc7 16. h5 Qa5 17. Nb3 Qc7 18. Nxc5 Qxc5 19. hxg6 fxg6 20. Nd5 Qb5 21.
Nxe7+ Kf7 22. Qxd6 Nxe4 23. Qd5+ Ke8 24. Qxb5 Bxb5 25. fxe4 h6 26. Nxg6 hxg5
27. Nxf8 Kxf8 28. Rd8+ Ke7 29. Rhd1 Ba4 30. Rb8 b5 31. b3 Be5 32. Rb7+ Ke6 33.
bxa4 bxa4 34. Rxa7 g4 35. Rh1 Bd4 36. Ra6+ Ke5 37. Rh5+ Kxe4 38. Rxa4 Ke3 39.
Rh4 g3 40. Raxd4 Kf2 41. Rhf4+ Kxg2 42. Rd2+ Kg1 43. Rg4 Kh1 44. Rd3 g2 45.
Rdg3 Kh2 46. Rxg2+ Kh3 47. Rg8 Kh4 48. Rh2# 1-0

[Event "DEM U10 2019"]
[Site "Willingen GER"]
[Date "2019.06.10"]
[Round "4"]
[White "Kullmann, Theo"]
[Black "Buchinger, Alexis"]
[Result "1-0"]
[Termination "normal"]
[Board "20"]
[WhiteElo "1465"]
[BlackElo "1291"]
[PlyCount "65"]
[WhiteFideId "16218582"]
[BlackFideId "16287134"]
[EventCountry "GER"]
[EventRounds "11"]
[EventType "swiss"]
[EventDate "2019.06.08"]

1. e4 c5 2. d3 g6 3. Nc3 Nc6 4. Be3 d6 5. g3 Bg7 6. Bg2 Nf6 7. Nge2 O-O 8. O-O
Rb8 9. h3 b5 10. f4 Bd7 11. a3 Ne8 12. g4 Nd4 13. Bf2 f5 14. gxf5 gxf5 15. Nxd4
cxd4 16. Ne2 e5 17. exf5 Bxf5 18. c3 dxc3 19. Nxc3 exf4 20. Bxa7 Ra8 21. Bxa8
Qxa8 22. Nxb5 Bd7 23. a4 Bxh3 24. Qf3 Bd4+ 25. Bxd4 Qc8 26. Qd5+ Rf7 27. Rxf4
Be6 28. Qg5+ Kf8 29. Re1 Qb7 30. Qh6+ Kg8 31. Qxe6 Ng7 32. Rg4 h5 33. Rxg7+ 1-0

[Event "DEM U10 2019"]
[Site "Willingen GER"]
[Date "2019.06.10"]
[Round "4"]
[White "Middendorf, Sven-Jonas"]
[Black "Huang, Luca Hanson"]
[Result "0-1"]
[Termination "normal"]
[Board "21"]
[WhiteElo "1452"]
[BlackElo "1261"]
[PlyCount "56"]
[WhiteFideId "16287207"]
[BlackFideId "16279182"]
[EventCountry "GER"]
[EventRounds "11"]
[EventType "swiss"]
[EventDate "2019.06.08"]

1. e4 c5 2. Nf3 e6 3. d4 cxd4 4. Nxd4 a6 5. Nc3 Qc7 6. Be3 Nf6 7. Be2 Bb4 8.
Qd3 Nxe4 9. Bd2 Nxd2 10. Qxd2 Nc6 11. Nxc6 bxc6 12. Qd4 Bxc3+ 13. Qxc3 O-O 14.
Bd3 Bb7 15. O-O-O c5 16. h4 Qf4+ 17. Kb1 Qxf2 18. Rdf1 Qe3 19. Bxh7+ Kxh7 20.
Qxe3 Bxg2 21. Rhg1 Bxf1 22. Rxf1 Rac8 23. Qe5 g6 24. h5 d5 25. hxg6+ fxg6 26.
Rh1+ Kg8 27. Rh8+ Kf7 28. Qg7+ Kxg7 0-1

[Event "DEM U10 2019"]
[Site "Willingen GER"]
[Date "2019.06.10"]
[Round "4"]
[White "Li, David"]
[Black "Herrmann, Jakob"]
[Result "1-0"]
[Termination "normal"]
[Board "22"]
[WhiteElo "1418"]
[BlackElo "1124"]
[PlyCount "77"]
[WhiteFideId "16287185"]
[BlackFideId "16287169"]
[EventCountry "GER"]
[EventRounds "11"]
[EventType "swiss"]
[EventDate "2019.06.08"]

1. Nf3 Nf6 2. g3 g6 3. Bg2 Bg7 4. O-O O-O 5. c4 d6 6. d4 Nbd7 7. Bf4 Re8 8. Nc3
e5 9. dxe5 dxe5 10. Nxe5 Nh5 11. Nxd7 Nxf4 12. gxf4 Bxd7 13. Qc2 c6 14. Rad1
Qc7 15. e3 Rad8 16. Rd2 f5 17. Rfd1 Be6 18. b3 Rb8 19. Rd6 Bf8 20. R6d2 b5 21.
cxb5 cxb5 22. Nd5 Qg7 23. Nc7 Re7 24. Nxe6 Rxe6 25. Bd5 Qe7 26. Qc6 Rb6 27.
Bxe6+ Qxe6 28. Qxe6+ Rxe6 29. Rc1 h5 30. Rd7 a6 31. Kf1 h4 32. Rc8 h3 33. Ke2
a5 34. Ra7 b4 35. Rxa5 Kf7 36. Ra7+ Kg8 37. Kf3 g5 38. fxg5 f4 39. Kxf4 1-0

[Event "DEM U10 2019"]
[Site "Willingen GER"]
[Date "2019.06.10"]
[Round "4"]
[White "Theviot, Luca"]
[Black "Bock, Leonas"]
[Result "1-0"]
[Termination "normal"]
[Board "23"]
[WhiteElo "1276"]
[BlackElo "1363"]
[PlyCount "55"]
[WhiteFideId "16277449"]
[BlackFideId "16287118"]
[EventCountry "GER"]
[EventRounds "11"]
[EventType "swiss"]
[EventDate "2019.06.08"]

1. c4 d6 2. g3 Nf6 3. Bg2 e5 4. Nc3 c6 5. e4 Be7 6. Nge2 Qc7 7. d4 Nbd7 8. O-O
h6 9. b3 Nf8 10. Kh1 g5 11. f4 exf4 12. gxf4 g4 13. e5 Nh5 14. Qe1 f5 15. Ba3
dxe5 16. Bxe7 Qxe7 17. dxe5 Bd7 18. Rd1 O-O-O 19. Qf2 Kb8 20. Rd6 Ng7 21. Rfd1
h5 22. R6d2 h4 23. Nd4 g3 24. Qe1 h3 25. Bxc6 bxc6 26. Qxg3 c5 27. Nd5 Bc6 28.
Nxc6+ 1-0

[Event "DEM U10 2019"]
[Site "Willingen GER"]
[Date "2019.06.10"]
[Round "4"]
[White "Yue, Qihang"]
[Black "Jumah, Shayan"]
[Result "1-0"]
[Termination "normal"]
[Board "24"]
[WhiteElo "1354"]
[BlackElo "1295"]
[PlyCount "75"]
[WhiteFideId "16278968"]
[BlackFideId "16281888"]
[EventCountry "GER"]
[EventRounds "11"]
[EventType "swiss"]
[EventDate "2019.06.08"]

1. d4 e6 2. c4 d5 3. Nc3 Nf6 4. Nf3 c5 5. cxd5 exd5 6. Bg5 h6 7. Bh4 Be7 8. e3
O-O 9. Bd3 Bg4 10. O-O Nc6 11. dxc5 Bxc5 12. Rc1 Be7 13. h3 Bh5 14. Re1 Ne5 15.
Be2 Nxf3+ 16. Bxf3 Bxf3 17. Qxf3 Ne4 18. Bxe7 Qxe7 19. Nxd5 Qe5 20. Nf4 Ng5 21.
Qe2 Ne6 22. Nxe6 Qxe6 23. Qc4 Qf5 24. Red1 Rac8 25. Qb3 Rxc1 26. Rxc1 b5 27.
Qc2 Qd7 28. Qc6 Qf5 29. Rc5 Qb1+ 30. Kh2 Qxb2 31. Rxb5 Qxa2 32. f3 a5 33. Qa6
Qf2 34. Re5 Rd8 35. Qxa5 Rd2 36. Re8+ Kh7 37. Qf5+ g6 38. Qxf7# 1-0